000 00517nam a2200157 a 4500
005 20140414093843.0
008 090320s19uu xx uuu eng d
020 _a0521-77530-2
050 _aCT 420.7
_bCAM 2000
100 _aCambridge
245 _aCambridge IELTS - 2 with answers :
_bexamination papers from the University of Cambridge local examinations syndicate /
_cCambridge.
260 _bCambridge University Press,
_cc2000.
650 _aEnglish as a second language.
942 _cAVM
999 _c109425
_d109425